[Event "Kostroma Volga Cup op"]
[Site "Kostroma"]
[Date "2010.07.??"]
[Round "6"]
[White "Goldobin, Mikhail"]
[Black "Krylov, Vladimir"]
[Result "1-0"]
[WhiteElo "2134"]
[BlackElo "1915"]
[PlyCount "69"]
[EventDate "2010.07.??"]
[EventType "swiss"]
[EventRounds "9"]
[EventCountry "RUS"]
[SourceTitle "EXT 2011"]
[Source "ChessBase"]
[SourceDate "2010.11.26"]
[SourceVersion "1"]
[SourceVersionDate "2010.11.26"]
[SourceQuality "1"]

1. d4 Nf6 2. Nf3 d6 3. c4 g6 4. Nc3 Bg7 5. e4 0-0 6. h3 c6 7. Be3 e5 8. Qd2 Qa5 9. 0-0-0 Re8 10. g4 a6 11. Qc2 b5 12. dxe5 dxe5 13. Nd2 Be6 14. Be2 Nbd7 15. Rhf1 Nf8 16. Nb3 Qc7 17. f4 exf4 18. Bxf4 Qb7 19. Rd6 Bxc4 20. Bxc4 bxc4 21. Na5 Qc7 22. Nxc4 Rad8 23. Rxf6 Qe7 24. Bd6 Qxf6 25. Rxf6 Bxf6 26. e5 Bg5+ 27. Kb1 Ne6 28. Ne4 Bh6 29. Nf6+ Kh8 30. Nxe8 Rxe8 31. Qe4 c5 32. h4 f5 33. exf6 Nc7 34. Be5 Kg8 35. Qb7 1-0

[Event "St Petersburg White Nights op"]
[Site "St Petersburg"]
[Date "2009.06.17"]
[Round "9"]
[White "Kushka, Alena"]
[Black "Goldobin, Mikhail"]
[Result "1-0"]
[WhiteElo "2170"]
[BlackElo "2087"]
[PlyCount "47"]
[EventDate "2009.06.09"]
[EventType "swiss"]
[EventRounds "9"]
[EventCountry "RUS"]
[SourceTitle "EXT 2011"]
[Source "ChessBase"]
[SourceDate "2010.11.26"]
[SourceVersion "1"]
[SourceVersionDate "2010.11.26"]
[SourceQuality "1"]

1. d4 d5 2. c4 c6 3. Nc3 Nf6 4. e3 e6 5. Nf3 Nbd7 6. Bd3 dxc4 7. Bxc4 b5 8. Be2 Bb7 9. 0-0 a6 10. e4 c5 11. e5 Nd5 12. a4 b4 13. Ne4 h6 14. a5 Qc7 15. Qd3 cxd4 16. Qxd4 Nc5 17. Nxc5 Bxc5 18. Qg4 Kf8 19. Bd2 Rd8 20. Rfc1 Qe7 21. Rc4 Bc6 22. Rac1 Bb5 23. Rxc5 Bxe2 24. Rxd5 1-0

[Event "St Petersburg White Nights op"]
[Site "St Petersburg"]
[Date "2009.06.16"]
[Round "8"]
[White "Goldobin, Mikhail"]
[Black "Karasev, Vladimir I"]
[Result "1/2-1/2"]
[WhiteElo "2087"]
[BlackElo "2375"]
[PlyCount "74"]
[EventDate "2009.06.09"]
[EventType "swiss"]
[EventRounds "9"]
[EventCountry "RUS"]
[SourceTitle "EXT 2011"]
[Source "ChessBase"]
[SourceDate "2010.11.26"]
[SourceVersion "1"]
[SourceVersionDate "2010.11.26"]
[SourceQuality "1"]

1. d4 b5 2. Nf3 Bb7 3. Bg5 d6 4. e3 h6 5. Bh4 a6 6. c4 g5 7. Bg3 bxc4 8. Bxc4 e6 9. Qb3 Bxf3 10. gxf3 Nd7 11. Nc3 Bg7 12. 0-0-0 Ne7 13. e4 Nc6 14. Bxe6 fxe6 15. Qxe6+ Ne7 16. e5 Nf8 17. Qg4 h5 18. Qh3 h4 19. exd6 cxd6 20. Rhe1 hxg3 21. Qxg3 Rc8 22. Kb1 Rxc3 23. bxc3 Bf6 24. f4 g4 25. Qxg4 Qb6+ 26. Ka1 Qc6 27. Re3 Rxh2 28. Rb1 Rh1 29. Rxh1 Qxh1+ 30. Kb2 Qb7+ 31. Kc2 Qb5 32. f5 Kd8 33. Qe4 d5 34. Qf4 Kc8 35. Qd6 Nd7 36. Rxe7 Bxe7 37. Qxe7 Qc6 1/2-1/2

[Event "St Petersburg White Nights op"]
[Site "St Petersburg"]
[Date "2009.06.13"]
[Round "5"]
[White "Goldobin, Mikhail"]
[Black "Smirnov, Artyom"]
[Result "1/2-1/2"]
[WhiteElo "2087"]
[BlackElo "2117"]
[PlyCount "47"]
[EventDate "2009.06.09"]
[EventType "swiss"]
[EventRounds "9"]
[EventCountry "RUS"]
[SourceTitle "EXT 2011"]
[Source "ChessBase"]
[SourceDate "2010.11.26"]
[SourceVersion "1"]
[SourceVersionDate "2010.11.26"]
[SourceQuality "1"]

1. d4 Nf6 2. Nf3 e6 3. c4 b6 4. Nc3 d5 5. Bg5 Be7 6. e3 Nbd7 7. Rc1 Bb7 8. cxd5 exd5 9. Bd3 0-0 10. 0-0 Ne4 11. Bf4 c5 12. dxc5 Ndxc5 13. Nd4 Nxd3 14. Qxd3 Qd7 15. Rfd1 Rfd8 16. Ndb5 Nxc3 17. Nxc3 Bf6 18. Ne2 Qa4 19. Nd4 Qxa2 20. Rc7 Ba6 21. Qf5 Rdc8 22. Rxf7 Kxf7 23. Qe6+ Kg6 24. Qg4+ 1/2-1/2

[Event "RUS-ch U16"]
[Site "Dagomys"]
[Date "2009.04.21"]
[Round "7"]
[White "Goldobin, Mikhail"]
[Black "Toropov, Pavel"]
[Result "1/2-1/2"]
[WhiteElo "2087"]
[BlackElo "2176"]
[PlyCount "80"]
[EventDate "2009.04.15"]
[EventType "swiss"]
[EventRounds "9"]
[EventCountry "RUS"]
[SourceTitle "CBM 130 Extra"]
[Source "ChessBase"]
[SourceDate "2009.07.02"]
[SourceVersion "2"]
[SourceVersionDate "2009.07.15"]
[SourceQuality "1"]

1. d4 d5 2. c4 c6 3. cxd5 Qxd5 4. Nc3 Qd8 5. e4 Nf6 6. Be2 g6 7. Bg5 Bg7 8. h4 h6 9. Be3 h5 10. Nh3 Ng4 11. e5 Nxe3 12. fxe3 c5 13. Ng5 cxd4 14. exd4 0-0 15. Bxh5 gxh5 16. 0-0 f6 17. Qb3+ e6 18. Nxe6 Bxe6 19. Qxe6+ Kh8 20. Nd5 Qd7 21. Nf4 Qxe6 22. Nxe6 Nc6 23. Nxf8 Rxf8 24. Rf5 Nxd4 25. Rxh5+ Kg8 26. exf6 Bxf6 27. Re1 Kg7 28. Kh2 Kg6 29. Rd5 Rh8 30. h5+ Rxh5+ 31. Rxh5 Kxh5 32. b3 Kg4 33. Re8 Nc6 34. Kg1 Kf5 35. Kf2 Nb4 36. a4 Nc6 37. Ke3 Nd4 38. Rb8 Nxb3 39. Rxb7 Bd4+ 40. Kd3 Bb6 1/2-1/2

[Event "RUS-ch U16"]
[Site "Dagomys"]
[Date "2009.04.19"]
[Round "5"]
[White "Goldobin, Mikhail"]
[Black "Voit, Daria"]
[Result "0-1"]
[WhiteElo "2087"]
[BlackElo "2286"]
[PlyCount "116"]
[EventDate "2009.04.15"]
[EventType "swiss"]
[EventRounds "9"]
[EventCountry "RUS"]
[SourceTitle "CBM 130 Extra"]
[Source "ChessBase"]
[SourceDate "2009.07.02"]
[SourceVersion "2"]
[SourceVersionDate "2009.07.15"]
[SourceQuality "1"]

1. d4 Nf6 2. Nf3 e6 3. Bg5 d5 4. e3 c6 5. Bd3 h6 6. Bh4 Nbd7 7. Nbd2 Be7 8. 0-0 0-0 9. Qe2 b6 10. c3 Re8 11. Bg3 a5 12. e4 dxe4 13. Nxe4 Bb7 14. Ne5 c5 15. Nxf6+ Nxf6 16. Bb5 Rf8 17. dxc5 Bxc5 18. Rfd1 Qe7 19. Nc6 Bxc6 20. Bxc6 Rac8 21. Bf3 Rfd8 22. h3 Nh7 23. Be5 Ng5 24. Bg4 f5 25. Bf3 Nf7 26. Re1 Nxe5 27. Qxe5 Rd2 28. Re2 Rcd8 29. Rae1 Rxe2 30. Qxe2 Kf7 31. Bc6 e5 32. Ba4 Qh4 33. Bb3+ Kf8 34. Qf3 Qf6 35. Rd1 Rxd1+ 36. Qxd1 Qh4 37. Qf3 g6 38. g3 Qxh3 39. Bc2 Ke7 40. b4 axb4 41. cxb4 Bd4 42. a4 h5 43. a5 h4 44. Qg2 Qxg3 45. Qxg3 hxg3 46. a6 gxf2+ 47. Kf1 b5 48. Bd3 Kf6 49. Bxb5 e4 50. Kg2 g5 51. Be2 g4 52. b5 Kg5 53. Kf1 Kf4 54. Kg2 Ke3 55. b6 Bxb6 56. Kf1 Kd2 57. a7 Bxa7 58. Bf3 g3 0-1

[Event "RUS-ch U16"]
[Site "Dagomys"]
[Date "2009.04.18"]
[Round "4"]
[White "Konjuhov, Vladislav"]
[Black "Goldobin, Mikhail"]
[Result "1/2-1/2"]
[WhiteElo "2194"]
[BlackElo "2087"]
[PlyCount "80"]
[EventDate "2009.04.15"]
[EventType "swiss"]
[EventRounds "9"]
[EventCountry "RUS"]
[SourceTitle "CBM 130 Extra"]
[Source "ChessBase"]
[SourceDate "2009.07.02"]
[SourceVersion "2"]
[SourceVersionDate "2009.07.15"]
[SourceQuality "1"]

1. d4 d5 2. Nf3 Nf6 3. g3 c6 4. Bg2 Bg4 5. 0-0 Nbd7 6. Nbd2 e6 7. h3 Bh5 8. b3 Bd6 9. Bb2 Bxf3 10. Nxf3 Ne4 11. c4 0-0 12. Qc2 f5 13. Rad1 Qe7 14. Qd3 g5 15. Ne5 Nxe5 16. dxe5 Bc7 17. b4 a5 18. b5 Qg7 19. Bxe4 fxe4 20. Qd4 Rf5 21. Qc5 Bxe5 22. Bxe5 Qxe5 23. bxc6 e3 24. cxb7 exf2+ 25. Kh2 Raf8 26. Qc8 h5 27. b8Q Qxb8 28. Qxe6+ Kg7 29. Rxd5 h4 30. Rd7+ R8f7 31. Rxf7+ Rxf7 32. Qe3 hxg3+ 33. Qxg3 Qf4 34. e3 Qf5 35. Kg2 Qe4+ 36. Kh2 Qf5 37. Kg2 Qe4+ 38. Kh2 Qf5 39. Kg2 Qe4+ 40. Kh2 Qf5 1/2-1/2

[Event "Pskov 5th op"]
[Site "Pskov"]
[Date "2008.06.25"]
[Round "3.10"]
[White "Monina, Polina"]
[Black "Goldobin, Mikhail"]
[Result "1/2-1/2"]
[WhiteElo "1871"]
[BlackElo "2079"]
[PlyCount "108"]
[EventDate "2008.06.22"]
[EventType "swiss"]
[EventRounds "9"]
[EventCountry "RUS"]
[SourceTitle "EXT 2022"]
[Source "ChessBase"]
[SourceDate "2021.10.06"]
[SourceVersion "1"]
[SourceVersionDate "2021.10.06"]
[SourceQuality "1"]

1. d4 Nf6 2. Nf3 c5 3. d5 g6 4. c4 b5 5. cxb5 a6 6. b6 d6 7. Nc3 Bg7 8. a4 a5 9. e4 Ba6 10. Bxa6 Rxa6 11. Nd2 0-0 12. 0-0 Rxb6 13. Nb5 Na6 14. Nc4 Rb8 15. Qe2 Nb4 16. Bd2 Ra8 17. Bc3 Ne8 18. Bxg7 Kxg7 19. Qd2 Nc7 20. Nca3 Nxb5 21. Nxb5 Na6 22. Ra3 Nc7 23. Rfa1 Qd7 24. Rh3 h5 25. Nxc7 Qxc7 26. g4 Qd7 27. Rh4 f6 28. f3 Rh8 29. gxh5 g5 30. Rg4 Rxh5 31. Rg3 Rh3 32. Rxh3 Qxh3 33. Ra3 Rb8 34. f4 Qh4 35. Rg3 Kf7 36. fxg5 Qxe4 37. g6+ Kg7 38. b3 Qb1+ 39. Kf2 Rxb3 40. Rxb3 Qxb3 41. Qxa5 Qxd5 42. Qa7 Qf5+ 43. Ke1 Qe4+ 44. Kf2 f5 45. a5 f4 46. Qb6 Qe3+ 47. Kf1 Qd3+ 48. Kg1 Qd1+ 49. Kf2 Qd2+ 50. Kf3 Qe3+ 51. Kg4 f3 52. Qb2+ e5 53. Qb7+ Kxg6 54. Qxf3 Qg1+ 1/2-1/2

[Event "St Petersburg-ch U16"]
[Site "St Petersburg"]
[Date "2007.11.12"]
[Round "8.8"]
[White "Karataev, Oleg"]
[Black "Goldobin, Mikhail"]
[Result "0-1"]
[WhiteElo "1914"]
[BlackElo "2031"]
[PlyCount "88"]
[EventDate "2007.11.05"]
[EventType "swiss"]
[EventRounds "9"]
[EventCountry "RUS"]
[SourceTitle "EXT 2022"]
[Source "ChessBase"]
[SourceDate "2021.10.06"]
[SourceVersion "1"]
[SourceVersionDate "2021.10.06"]
[SourceQuality "1"]

1. d4 Nf6 2. Nf3 c5 3. d5 g6 4. c4 b5 5. Bf4 d6 6. Nbd2 Bg7 7. Qb3 bxc4 8. Nxc4 0-0 9. Rd1 Nbd7 10. g3 a5 11. Bg2 Ba6 12. Nfd2 Rb8 13. Qc2 Ng4 14. 0-0 Nge5 15. Rfe1 Nxc4 16. Nxc4 Bxc4 17. Qxc4 Rxb2 18. Rb1 Nb6 19. Qa6 Qa8 20. Qxa8 Rxa8 21. Rxb2 Bxb2 22. Rb1 Na4 23. Be4 Nc3 24. Rxb2 Nxe4 25. Rc2 Nf6 26. Rd2 g5 27. Be3 h6 28. f3 Kg7 29. g4 Rb8 30. Bf2 a4 31. Kg2 Nd7 32. Bg3 Rb5 33. Rc2 Nb6 34. e4 a3 35. Be1 Na4 36. Rc4 Rb2+ 37. Kg3 Nb6 38. Rc1 Rxa2 39. Bc3+ f6 40. Rb1 Na4 41. Rb3 Nxc3 42. Rxc3 Ra1 43. Kf2 a2 44. Ra3 Rh1 0-1

[Event "Dnipropetrovsk Sinitsin Memorial 6th"]
[Site "Dnipropetrovsk"]
[Date "2007.04.24"]
[Round "5.2"]
[White "Goldobin, Mikhail"]
[Black "Kovalev, Vladislav"]
[Result "0-1"]
[WhiteElo "2030"]
[BlackElo "2150"]
[PlyCount "62"]
[EventDate "2007.04.21"]
[EventType "team-swiss"]
[EventRounds "9"]
[EventCountry "UKR"]
[SourceTitle "EXT 2023"]
[Source "ChessBase"]
[SourceDate "2022.10.05"]
[SourceVersion "1"]
[SourceVersionDate "2022.10.05"]
[SourceQuality "1"]

1. Nf3 Nf6 2. g3 g6 3. Bg2 Bg7 4. d3 d6 5. 0-0 0-0 6. e4 c5 7. Nc3 Nc6 8. h3 h6 9. Nh2 e5 10. f4 Nh5 11. Ne2 exf4 12. g4 Ng3 13. Rxf4 Nxe2+ 14. Qxe2 Nd4 15. Qd1 Qh4 16. c3 Ne6 17. Rf2 Bd7 18. Qf1 Bc6 19. Be3 Rad8 20. Re2 d5 21. Bf2 Qe7 22. Bg3 dxe4 23. Bxe4 Bxe4 24. dxe4 Rd3 25. Kg2 Rfd8 26. e5 Qd7 27. h4 Qd5+ 28. Nf3 Qc4 29. Ne1 Rd2 30. Rxd2 Rxd2+ 31. Kh1 Qxf1# 0-1

[Event "Autumn on Petrograd Side"]
[Site "St Petersburg"]
[Date "2006.09.27"]
[Round "8"]
[White "Kobzar, Alexandr"]
[Black "Goldobin, Mikhail"]
[Result "0-1"]
[WhiteElo "2085"]
[BlackElo "1952"]
[PlyCount "70"]
[EventDate "2006.09.18"]
[EventType "swiss"]
[EventRounds "9"]
[EventCountry "RUS"]
[SourceTitle "EXT 2022"]
[Source "ChessBase"]
[SourceDate "2021.10.06"]
[SourceVersion "1"]
[SourceVersionDate "2021.10.06"]
[SourceQuality "1"]

1. e4 e6 2. d4 d5 3. e5 c5 4. Qg4 Nc6 5. Nf3 Nxd4 6. Nxd4 cxd4 7. Qxd4 Ne7 8. Bf4 Nc6 9. Qd2 f6 10. Bb5 Bc5 11. c4 0-0 12. cxd5 exd5 13. 0-0 fxe5 14. Bg5 Qd6 15. Nc3 Nd4 16. Rad1 a6 17. Ba4 b5 18. Bb3 Be6 19. Kh1 b4 20. Ne2 Nxb3 21. axb3 d4 22. Qd3 Qd5 23. Rc1 e4 24. Qg3 Bd6 25. Qh4 h6 26. Bd2 Rf6 27. Ng3 Bxg3 28. Qxg3 Raf8 29. Bxb4 R8f7 30. Kg1 Qxb3 31. Qb8+ Kh7 32. Qd6 Bc4 33. Qxd4 Bxf1 34. Qxe4+ g6 35. Rxf1 Rf4 0-1

[Event "Autumn on Petrograd Side"]
[Site "St Petersburg"]
[Date "2006.09.26"]
[Round "7"]
[White "Goldobin, Mikhail"]
[Black "Stroganov, Anatoly"]
[Result "1-0"]
[WhiteElo "1952"]
[BlackElo "1965"]
[PlyCount "115"]
[EventDate "2006.09.18"]
[EventType "swiss"]
[EventRounds "9"]
[EventCountry "RUS"]
[SourceTitle "EXT 2022"]
[Source "ChessBase"]
[SourceDate "2021.10.06"]
[SourceVersion "1"]
[SourceVersionDate "2021.10.06"]
[SourceQuality "1"]

1. d4 f5 2. c4 e6 3. Nc3 Nf6 4. g3 Bb4 5. Bg2 c5 6. e3 0-0 7. Nge2 cxd4 8. exd4 d5 9. cxd5 Nxd5 10. 0-0 Nxc3 11. bxc3 Bd6 12. Bf4 Nc6 13. Re1 g5 14. Bxd6 Qxd6 15. f4 g4 16. Nc1 Bd7 17. Nd3 Rad8 18. Nc5 Bc8 19. Qa4 b6 20. Nxe6 Bxe6 21. Qxc6 Qxc6 22. Bxc6 Bd5 23. Bxd5+ Rxd5 24. Re5 Rd7 25. Rd1 Kg7 26. Kf2 Rc7 27. Rd3 Kf6 28. Ke3 Rfc8 29. Kd2 Rc4 30. Rde3 R8c7 31. d5 Rd7 32. Kd3 Rc5 33. Kd4 Ra5 34. Re6+ Kf7 35. d6 Rxa2 36. Re7+ Rxe7 37. Rxe7+ Kf6 38. Rxh7 Rd2+ 39. Kc4 Ke6 40. Rg7 Kxd6 41. Rh7 Kc6 42. Rh6+ Kb7 43. Rh5 Kc6 44. Rxf5 Rxh2 45. Rf6+ Kb7 46. Rg6 Rb2 47. Rxg4 b5+ 48. Kd4 Rg2 49. Ke5 Kc6 50. f5 Rf2 51. Rg8 Kd7 52. f6 Re2+ 53. Kf5 Rf2+ 54. Kg6 Rg2 55. f7 Rxg3+ 56. Kh5 Rf3 57. f8Q Rxf8 58. Rxf8 1-0

[Event "Autumn on Petrograd Side"]
[Site "St Petersburg"]
[Date "2006.09.25"]
[Round "6"]
[White "Airumian, Sergei"]
[Black "Goldobin, Mikhail"]
[Result "0-1"]
[WhiteElo "2100"]
[BlackElo "1952"]
[PlyCount "116"]
[EventDate "2006.09.18"]
[EventType "swiss"]
[EventRounds "9"]
[EventCountry "RUS"]
[SourceTitle "EXT 2022"]
[Source "ChessBase"]
[SourceDate "2021.10.06"]
[SourceVersion "1"]
[SourceVersionDate "2021.10.06"]
[SourceQuality "1"]

1. e4 e6 2. d4 d5 3. Nc3 Nf6 4. e5 Nfd7 5. f4 c5 6. Nf3 Nc6 7. Be3 Qb6 8. Na4 Qa5+ 9. c3 cxd4 10. Nxd4 Nxd4 11. Bxd4 b5 12. Nc5 Bxc5 13. Bxc5 Nxc5 14. b4 Qb6 15. bxc5 Qxc5 16. Qd4 Qxd4 17. Bxb5+ Bd7 18. Bxd7+ Kxd7 19. cxd4 Rab8 20. 0-0 Rb2 21. f5 Rc8 22. fxe6+ Kxe6 23. Rac1 Rc4 24. Rfd1 Rcc2 25. Rxc2 Rxc2 26. a3 Rc3 27. a4 Ra3 28. Rc1 Rxa4 29. Rc6+ Kf5 30. Rc7 Kg6 31. Rc6+ f6 32. exf6 gxf6 33. Rc7 Rxd4 34. Rxa7 Rd2 35. Rd7 h5 36. g3 Kf5 37. h3 Ke4 38. Kf1 Kf3 39. Ke1 Re2+ 40. Kd1 Re5 41. g4 hxg4 42. hxg4 Kxg4 43. Kd2 Kf3 44. Kd3 f5 45. Kd4 Re1 46. Rf7 f4 47. Kxd5 Kg3 48. Kd4 f3 49. Rg7+ Kf2 50. Kd3 Kf1 51. Kd2 f2 52. Rg8 Re7 53. Rg6 Rd7+ 54. Kc3 Ke1 55. Re6+ Kd1 56. Rf6 Rd2 57. Rf7 Ke1 58. Rf8 Re2 0-1

[Event "Autumn on Petrograd Side"]
[Site "St Petersburg"]
[Date "2006.09.19"]
[Round "2"]
[White "Goldobin, Mikhail"]
[Black "Timchenko, Aleksandr"]
[Result "1/2-1/2"]
[WhiteElo "1952"]
[BlackElo "2116"]
[PlyCount "30"]
[EventDate "2006.09.18"]
[EventType "swiss"]
[EventRounds "9"]
[EventCountry "RUS"]
[SourceTitle "EXT 2022"]
[Source "ChessBase"]
[SourceDate "2021.10.06"]
[SourceVersion "1"]
[SourceVersionDate "2021.10.06"]
[SourceQuality "1"]

1. d4 g6 2. c4 Bg7 3. Nc3 c6 4. e4 d5 5. cxd5 cxd5 6. e5 Nc6 7. Be3 Nh6 8. Bd3 0-0 9. Nge2 Nf5 10. Bxf5 Bxf5 11. Ng3 Be6 12. 0-0 f6 13. f4 fxe5 14. fxe5 Rxf1+ 15. Qxf1 Qd7 1/2-1/2